Сборник работ Ленинградского гидрометеорологического центра (Запись № 2666051)

Подробности
000 -МАРКЕР
контрольное поле 05644nas1a22005531i 4500
001 - ИДЕНТИФИКАТОР ЗАПИСИ
контрольное поле RU\NLR\INFOCOMM16\1000062130
005 - ИДЕНТИФИКАТОР ВЕРСИИ
контрольное поле 20260406151243.0
011 ## - МЕЖДУНАРОДНЫЙ СТАНДАРТНЫЙ НОМЕР СЕРИАЛЬНОГО ИЗДАНИЯ (ISSN)
Номер (ISSN) 0134-8205
035 ## - ДРУГИЕ СИСТЕМНЫЕ НОМЕРА
Идентификатор записи (NLR Aleph) 002509498
100 ## - ДАННЫЕ ОБЩЕЙ ОБРАБОТКИ
Данные общей обработки 20040407c1962 |||y0rusy50 ca
101 0# - ЯЗЫК РЕСУРСА
Язык текста, звукозаписи и т.д. русский
102 ## - СТРАНА ПУБЛИКАЦИИ ИЛИ ПРОИЗВОДСТВА
Страна публикации Российская Федерация
110 ## - ПОЛЕ КОДИРОВАННЫХ ДАННЫХ: ПРОДОЛЖАЮЩИЕСЯ РЕСУРСЫ
Кодированные данные продолжающегося ресурса zyu||||0|y0
200 1# - ЗАГЛАВИЕ И СВЕДЕНИЯ ОБ ОТВЕТСТВЕННОСТИ
Основное заглавие Сборник работ Ленинградского гидрометеорологического центра
Первые сведения об ответственности Сев.-Зап. террит. упр. по гидрометеорологии и контролю природ. среды
210 ## - ПУБЛИКАЦИЯ, РАСПРОСТРАНЕНИЕ И ДР.
Место издания, распространения и т.д. Л.
Имя издателя, распространителя и т. д. Гидрометеоиздат
Дата издания, распространения и т.д. 1962-
300 ## - ОБЩИЕ ПРИМЕЧАНИЯ
Текст примечания В надзаг. также: Гос. ком. СССР по гидрометеорологии и контролю природ. среды
430 #0 - ПРОДОЛЖЕН
Встроенное поле 001rc\4556619
-- 2001#$aСборник работ Ленинградского гидрометеорологической обсерватории
Системный номер (АБИС) связанной записи 9034699
Автор Ленинградская гидрометеорологическая обсерватория
Место публикации Ленинград
Дата публикации 1962-1983
Первые сведения об ответственности Гл. упр. гидрометеорол. службы при Совете Министров СССР. Сев.-Зап. упр. гидрометслужбы
Имя издателя, распространителя и т.д. Б. и.
Заглавие Сборник работ Ленинградской гидрометеорологической обсерватории
517 1# - ДРУГИЕ ВАРИАНТЫ ЗАГЛАВИЯ
Вариант заглавия Сборник работ Ленинградской и Петрозаводской гидрометеорологических обсерваторий
517 1# - ДРУГИЕ ВАРИАНТЫ ЗАГЛАВИЯ
Вариант заглавия Сборник работ Ленинградской ГМО
517 1# - ДРУГИЕ ВАРИАНТЫ ЗАГЛАВИЯ
Вариант заглавия Сборник работ ЛГИЦ
710 02 - НАИМЕНОВАНИЕ ОРГАНИЗАЦИИ - ПЕРВИЧНАЯ ОТВЕТСТВЕННОСТЬ
Код отношения Автор
Начальный элемент ввода Ленинградский гидрометеорологический центр
Идентификатор авторитетной/нормативной записи RU\NLR\AUTH\889926769
Системный номер авторитетной/нормативной записи 349247
801 #1 - ИСТОЧНИК ЗАПИСИ
Страна Российская Федерация
Организация InfoComm
Дата составления 20040407
801 #0 - ИСТОЧНИК ЗАПИСИ
Страна Российская Федерация
Организация NLR
Правила каталогизации PSBO
852 ## - МЕСТОНАХОЖДЕНИЕ И ШИФР ХРАНЕНИЯ
Идентификатор организации NLR
Шифр хранения (Call Number) П7/935
942 ## - ДОПОЛНИТЕЛЬНЫЕ ЭЛЕМЕНТЫ ЗАПИСИ (АБИС)
Тип экземпляра АБИС Сборник
980 ## - КОЛЛЕКЦИЯ
Название коллекции Русская периодика

Нет доступных экземпляров.